| 000 | 00517nam a2200169 i 4500 | ||
|---|---|---|---|
| 001 | 75443 | ||
| 003 | ES-MaACL | ||
| 007 | t| | ||
| 008 | 040924s1985 sp ||||1| spa d | ||
| 020 | _a84-7615-030-X | ||
| 100 | 1 |
_aGrafé Arias, Julio. _959512 |
|
| 245 | 1 | 0 |
_aMatemáticas universitarias para estudiantes de Ciencias Económicas y Empresariales / _cJulio Grafé Arias. |
| 260 |
_aMadrid : _bMcGraw-Hill, _c[1985] |
||
| 300 |
_aXIV, 541 p. ; _c25 cm. |
||
| 500 | _aIndice. | ||
| 852 |
_aES-MaACL _jL-8498 _bR.109051 |
||
| 999 |
_c75443 _d75443 |
||